000 nam a22 7a 4500
999 _c10189
_d10189
008 180212b ||||| |||| 00| 0 eng d
100 _aGhosh, J B
_96187
245 _aHands on Mathematics class VII
260 _aNew Delhi
_bBharati Publication
_c2013